[Event "Brasschaat op 19th"]
[Site "Brasschaat"]
[Date "2019.08.17"]
[Round "1"]
[White "Plompen, Wim"]
[Black "Dgebuadze, Alexandre"]
[Result "0-1"]
[WhiteElo "1723"]
[BlackElo "2490"]
[PlyCount "52"]
[EventDate "2019.08.17"]
[EventType "swiss"]
[EventRounds "9"]
[EventCountry "BEL"]
[SourceTitle "EXT 2020"]
[Source "ChessBase"]
[SourceDate "2019.10.17"]
[SourceVersion "1"]
[SourceVersionDate "2019.10.17"]
[SourceQuality "1"]

1. d4 Nf6 2. g3 c5 3. Bg2 cxd4 4. Qxd4 Nc6 5. Qd1 d5 6. c3 e5 7. Bg5 Bc5 8. e3 e4 9. Bxf6 gxf6 10. Nh3 Bxh3 11. Bxh3 h5 12. Nd2 Ne5 13. Qa4+ Kf8 14. 0-0 h4 15. Kg2 hxg3 16. hxg3 a6 17. Qd1 Nd3 18. b4 Bd6 19. Rh1 Rg8 20. Bf5 Qc7 21. Nf1 Qxc3 22. Rb1 Ke7 23. Rb3 Ne1+ 24. Kg1 Nf3+ 25. Kg2 Qe5 26. g4 Qxf5 0-1

[Event "Brasschaat op 16th"]
[Site "Brasschaat"]
[Date "2016.08.20"]
[Round "1"]
[White "Van Riemsdijk, Herman Claudius"]
[Black "Plompen, Wim"]
[Result "1/2-1/2"]
[WhiteElo "2318"]
[BlackElo "1718"]
[PlyCount "120"]
[EventDate "2016.08.20"]
[EventType "swiss"]
[EventRounds "9"]
[EventCountry "BEL"]
[SourceTitle "CBM 174 Extra"]
[Source "ChessBase"]
[SourceDate "2016.10.10"]
[SourceVersion "1"]
[SourceVersionDate "2016.10.10"]
[SourceQuality "1"]

1. e4 Nf6 2. e5 Nd5 3. d4 e6 4. Nf3 c5 5. c4 Nb6 6. Nc3 d5 7. exd6 Bxd6 8. Ne4 Be7 9. dxc5 Qxd1+ 10. Kxd1 N6d7 11. Nd6+ Bxd6 12. cxd6 a5 13. Be3 Na6 14. Nd4 Nac5 15. Nb5 Kf8 16. Be2 f6 17. Kc2 Kf7 18. b3 b6 19. Bf3 Bb7 20. Bxb7 Nxb7 21. Rad1 Rhd8 22. Rhe1 Ndc5 23. a3 Rac8 24. b4 axb4 25. axb4 Nd7 26. Kb3 Rc6 27. Na7 Rxd6 28. Rxd6 Nxd6 29. Rd1 Nxc4 30. Nc6 Nc5+ 31. bxc5 Rxd1 32. Kxc4 bxc5 33. h4 e5 34. Na5 Ke6 35. Nb3 Rd8 36. Nxc5+ Kf5 37. f3 h5 38. Ne4 Ke6 39. Kc3 Kf5 40. Kc2 Rd7 41. Bd2 Rd8 42. Kd1 Ke6 43. Ke2 Ra8 44. Ng3 g6 45. Ne4 Ra2 46. Ke1 Ra1+ 47. Kf2 Ra2 48. Ke3 Ra3+ 49. Nc3 f5 50. Kf2 Rb3 51. Nd1 Kd5 52. Ke2 Kd4 53. Be3+ Kd5 54. Bg5 f4 55. Bd8 Ra3 56. Bb6 Ra2+ 57. Kf1 Ra1 58. Ke1 Ra3 59. Nf2 Ra1+ 60. Nd1 Ra3 1/2-1/2

[Event "Brasschaat op 15th"]
[Site "Brasschaat"]
[Date "2015.08.21"]
[Round "7"]
[White "Wijgers, Toon"]
[Black "Plompen, Wim"]
[Result "1-0"]
[WhiteElo "2015"]
[BlackElo "1722"]
[PlyCount "75"]
[EventDate "2015.08.15"]
[EventType "swiss"]
[EventRounds "9"]
[EventCountry "BEL"]
[SourceTitle "EXT 2017"]
[Source "ChessBase"]
[SourceDate "2016.10.25"]
[SourceVersion "1"]
[SourceVersionDate "2016.10.25"]
[SourceQuality "1"]

1. c4 c5 2. Nc3 Nc6 3. Nf3 g6 4. g3 Bg7 5. Bg2 Nf6 6. d4 cxd4 7. Nxd4 Nxd4 8. Qxd4 0-0 9. 0-0 d6 10. Qd3 Nd7 11. Qc2 a5 12. Be3 Ne5 13. Nd5 Ra6 14. Rfd1 Rc6 15. c5 Bf5 16. Qb3 e6 17. Nc3 d5 18. Qxb7 Qc8 19. Qxc8 Rfxc8 20. Bd4 Nd7 21. Bxg7 Kxg7 22. e4 Bg4 23. f3 dxe4 24. fxg4 Nxc5 25. Nxe4 Nxe4 26. Bxe4 Rc4 27. Re1 R8c5 28. Re2 f5 29. gxf5 gxf5 30. Bg2 e5 31. Rf1 e4 32. Bh3 Rc1 33. Rxc1 Rxc1+ 34. Kf2 Kg6 35. Ke3 Rd1 36. Rf2 Rd5 37. Rd2 Rb5 38. Kf4 1-0

[Event "Brasschaat op 15th"]
[Site "Brasschaat"]
[Date "2015.08.18"]
[Round "4"]
[White "Plompen, Wim"]
[Black "Pauwels, Lander"]
[Result "1-0"]
[WhiteElo "1722"]
[BlackElo "1528"]
[PlyCount "95"]
[EventDate "2015.08.15"]
[EventType "swiss"]
[EventRounds "9"]
[EventCountry "BEL"]
[SourceTitle "EXT 2017"]
[Source "ChessBase"]
[SourceDate "2016.10.25"]
[SourceVersion "1"]
[SourceVersionDate "2016.10.25"]
[SourceQuality "1"]

1. b4 e6 2. Bb2 Nf6 3. a3 c5 4. bxc5 Bxc5 5. e3 a6 6. Be2 b5 7. Bf3 d5 8. Ne2 Bb7 9. 0-0 0-0 10. Nf4 Bd6 11. Nc3 Qc7 12. g3 Nbd7 13. Nce2 Ne5 14. Bg2 Rac8 15. Bc3 Ne4 16. Bxe5 Bxe5 17. c3 Qe7 18. Nd3 Bd6 19. Nb4 Rc7 20. Nd4 Rfc8 21. Nb3 Nc5 22. Nxc5 Bxc5 23. Qg4 Bxb4 24. axb4 Rc4 25. f4 e5 26. Qh5 d4 27. Bxb7 Qxb7 28. fxe5 dxc3 29. d3 R4c7 30. Rfc1 Qb6 31. Qe2 Re8 32. d4 Rc4 33. Qd3 Rec8 34. Rc2 Rxb4 35. Rxc3 Rxc3 36. Qxc3 Rc4 37. Qd3 Qc6 38. d5 Rc1+ 39. Rxc1 Qxc1+ 40. Kg2 g6 41. d6 Qc6+ 42. Kf2 Qd7 43. e4 a5 44. Qc3 Qa7+ 45. Kg2 Qa8 46. d7 Qxe4+ 47. Qf3 Qc2+ 48. Kh3 1-0

[Event "Brasschaat op 12th"]
[Site "Brasschaat"]
[Date "2012.08.22"]
[Round "5"]
[White "De Vos, Nils"]
[Black "Plompen, Wim"]
[Result "1-0"]
[WhiteElo "2267"]
[BlackElo "1764"]
[PlyCount "61"]
[EventDate "2012.08.18"]
[EventType "swiss"]
[EventRounds "9"]
[EventCountry "BEL"]
[SourceTitle "EXT 2017"]
[Source "ChessBase"]
[SourceDate "2016.10.25"]
[SourceVersion "1"]
[SourceVersionDate "2016.10.25"]
[SourceQuality "1"]

1. e4 g6 2. h4 Bg7 3. Bc4 c5 4. Nc3 Nc6 5. Nf3 d6 6. d3 h5 7. Ng5 Nh6 8. Be3 Ne5 9. Bb3 Bd7 10. a4 Rc8 11. Qe2 Qa5 12. Bd2 Qa6 13. Ba2 c4 14. d4 Neg4 15. f3 Bxd4 16. fxg4 Bxg4 17. Nf3 f5 18. Bg5 Qa5 19. Qd2 Bxc3 20. bxc3 Nf7 21. exf5 gxf5 22. 0-0 e5 23. Nh2 f4 24. Rae1 Kd7 25. g3 Qc5+ 26. Kh1 Qc6+ 27. Qg2 Bh3 28. Qxc6+ Rxc6 29. Rf2 Nxg5 30. hxg5 Bg4 31. gxf4 1-0

[Event "Brasschaat op 04th"]
[Site "Brasschaat"]
[Date "2004.08.25"]
[Round "5"]
[White "Plompen, Wim"]
[Black "Rongen, Jos"]
[Result "1/2-1/2"]
[WhiteElo "1887"]
[BlackElo "1640"]
[PlyCount "77"]
[EventDate "2004.08.21"]
[EventType "swiss"]
[EventRounds "9"]
[EventCountry "BEL"]
[SourceTitle "EXT 2017"]
[Source "ChessBase"]
[SourceDate "2016.10.25"]
[SourceVersion "1"]
[SourceVersionDate "2016.10.25"]
[SourceQuality "1"]

1. e4 e6 2. Nc3 d5 3. d4 Nf6 4. f3 c5 5. Bb5+ Nc6 6. Be3 c4 7. Nge2 a6 8. Bxc6+ bxc6 9. 0-0 Bb7 10. b3 cxb3 11. axb3 Be7 12. e5 Nd7 13. Na4 Qc7 14. Nc1 c5 15. c3 cxd4 16. cxd4 0-0 17. Nd3 Rfc8 18. Rf2 Bc6 19. Rc2 Qb7 20. Nac5 Nxc5 21. Nxc5 Bxc5 22. Rxc5 Bb5 23. b4 Rxc5 24. bxc5 Rc8 25. Qb3 Rc6 26. Bd2 Qc8 27. Qe3 Qd8 28. Qf2 Qe8 29. Qg3 Qc8 30. h4 Qe8 31. h5 Qf8 32. Bg5 Rc8 33. Kf2 Rc6 34. Be3 f5 35. h6 g6 36. Qg5 Rc7 37. Bd2 Qe7 38. Qxe7 Rxe7 39. Bg5 1/2-1/2

[Event "Brasschaat op 03rd"]
[Site "Brasschaat"]
[Date "2003.08.29"]
[Round "7"]
[White "Plompen, Wim"]
[Black "Verlinden, Willem"]
[Result "1-0"]
[WhiteElo "1890"]
[BlackElo "1719"]
[PlyCount "129"]
[EventDate "2003.08.24"]
[EventType "swiss"]
[EventRounds "9"]
[EventCountry "BEL"]
[SourceTitle "EXT 2017"]
[Source "ChessBase"]
[SourceDate "2016.10.25"]
[SourceVersion "1"]
[SourceVersionDate "2016.10.25"]
[SourceQuality "1"]

1. f4 e6 2. Nf3 d5 3. d4 Nf6 4. e3 g6 5. Be2 Bg7 6. 0-0 0-0 7. Nbd2 Nbd7 8. h3 c5 9. c3 b6 10. b3 Bb7 11. Ba3 Qc7 12. Rc1 Rfc8 13. Qe1 a5 14. Bb5 Ba6 15. c4 Qb7 16. Bxd7 Nxd7 17. Ne5 f5 18. Rf3 Nxe5 19. fxe5 Bf8 20. Bb2 Rc7 21. cxd5 Qxd5 22. e4 Qd8 23. exf5 gxf5 24. Rg3+ Kh8 25. Nf3 Bh6 26. Ng5 Bxg5 27. Rd1 Qe7 28. d5 Bh4 29. d6 Qf8 30. dxc7 Bxg3 31. Qxg3 Rc8 32. Qg5 Re8 33. Rd8 Bc8 34. Bc1 Qf7 35. Rxe8+ Qxe8 36. Qd8 Qg8 37. Bg5 h5 38. Bf6+ Kh7 39. Qe7+ Kg6 40. h4 f4 41. Bg5 Kf5 42. Qf6+ Ke4 43. Qxf4+ Kd5 44. Qf6 Qh7 45. Qd8+ Qd7 46. Bf6 Kc6 47. Qh8 Qd1+ 48. Kh2 Kxc7 49. Qh7+ Bd7 50. Be7 Qg4 51. Bg5 Qd1 52. Qe7 Qd5 53. Qg7 Kc6 54. Qh8 Qd1 55. Qa8+ Kb5 56. Qe4 Qd5 57. Qe2+ Kc6 58. Bf6 Kb7 59. Qxh5 Bc6 60. Qe2 b5 61. h5 c4 62. h6 c3 63. Bg5 Qxg2+ 64. Qxg2 Bxg2 65. Kxg2 1-0

[Event "Brasschaat op 03rd"]
[Site "Brasschaat"]
[Date "2003.08.27"]
[Round "5"]
[White "Veldhuis, Tjitte Durk"]
[Black "Plompen, Wim"]
[Result "1-0"]
[WhiteElo "1656"]
[BlackElo "1890"]
[PlyCount "81"]
[EventDate "2003.08.24"]
[EventType "swiss"]
[EventRounds "9"]
[EventCountry "BEL"]
[SourceTitle "EXT 2017"]
[Source "ChessBase"]
[SourceDate "2016.10.25"]
[SourceVersion "1"]
[SourceVersionDate "2016.10.25"]
[SourceQuality "1"]

1. e4 g6 2. f4 d6 3. Nf3 Bg7 4. d4 c5 5. Bc4 cxd4 6. Nxd4 Qb6 7. c3 Bxd4 8. Qxd4 Qxd4 9. cxd4 Nc6 10. d5 Nd4 11. Kd2 e5 12. dxe6 Nxe6 13. Ke3 Nf6 14. h3 Ke7 15. Nc3 Nc7 16. b3 Be6 17. Be2 h5 18. Ba3 Rhd8 19. Rhd1 Nfe8 20. Nb5 Nxb5 21. Bxb5 Nc7 22. Be2 f6 23. Rac1 Rac8 24. e5 Nd5+ 25. Kf3 Rxc1 26. Rxc1 fxe5 27. fxe5 Rf8+ 28. Kg3 h4+ 29. Kxh4 g5+ 30. Kg3 Rf7 31. exd6+ Kd8 32. Bc4 Rf4 33. Re1 Bf7 34. Re5 Nc3 35. Bxf7 Rxf7 36. Re7 Rf4 37. Rxb7 Ne4+ 38. Kh2 Rf2 39. Rxa7 Rxa2 40. Bc5 Rb2 41. Bb6+ 1-0

[Event "Brasschaat op 03rd"]
[Site "Brasschaat"]
[Date "2003.08.??"]
[Round "4"]
[White "Plompen, Wim"]
[Black "Talon, Alain"]
[Result "0-1"]
[WhiteElo "1890"]
[BlackElo "2117"]
[PlyCount "94"]
[EventDate "2003.08.24"]
[EventType "swiss"]
[EventRounds "9"]
[EventCountry "BEL"]
[SourceTitle "EXT 2017"]
[Source "ChessBase"]
[SourceDate "2016.10.25"]
[SourceVersion "1"]
[SourceVersionDate "2016.10.25"]
[SourceQuality "1"]

1. d4 c5 2. d5 e5 3. e4 d6 4. c4 g6 5. Bd3 a6 6. Nc3 b6 7. Nge2 h5 8. Be3 h4 9. h3 Bh6 10. Qd2 Bxe3 11. Qxe3 Nd7 12. Bc2 Kf8 13. 0-0 Kg7 14. Ba4 Ngf6 15. Rae1 Rb8 16. Kh2 Qe7 17. Qd3 g5 18. Bd1 Nh5 19. g3 Ndf6 20. Ng1 g4 21. Re3 Bd7 22. Rfe1 Rh6 23. Be2 Rbh8 24. Bf1 Rg6 25. Nce2 gxh3 26. Rf3 Ng4+ 27. Kh1 hxg3 28. fxg3 Rgh6 29. Nc3 Kf8 30. Nd1 h2 31. Ne2 Ngf6 32. Bg2 Rg8 33. Ne3 Rhg6 34. Nf1 Bg4 35. Re3 Qd7 36. Nc3 Bh3 37. R1e2 Nf4 38. Qd2 Nxg2 39. Rxg2 Bxg2+ 40. Qxg2 Ng4 41. Rf3 Rh8 42. Nd1 Rf6 43. Rxf6 Nxf6 44. Nde3 Qa4 45. b3 Qb4 46. Nf5 Qe1 47. N5e3 Qb1 0-1

[Event "Brasschaat op 03rd"]
[Site "Brasschaat"]
[Date "2003.08.??"]
[Round "1"]
[White "Sysmans, Erik"]
[Black "Plompen, Wim"]
[Result "0-1"]
[WhiteElo "1386"]
[BlackElo "1890"]
[PlyCount "78"]
[EventDate "2003.08.24"]
[EventType "swiss"]
[EventRounds "9"]
[EventCountry "BEL"]
[SourceTitle "EXT 2017"]
[Source "ChessBase"]
[SourceDate "2016.10.25"]
[SourceVersion "1"]
[SourceVersionDate "2016.10.25"]
[SourceQuality "1"]

1. f4 d5 2. Nf3 g6 3. d4 Bg7 4. e3 Bg4 5. Nbd2 Nf6 6. h3 Bxf3 7. Nxf3 Nbd7 8. Qe2 Ne4 9. Qb5 0-0 10. Qxd5 Ng3 11. Rg1 c6 12. Qb3 Qc7 13. Bd2 a5 14. Qd3 Nf6 15. Ne5 Nfe4 16. Be2 Rfd8 17. Bf3 Nxd2 18. Qxd2 Qb6 19. Qc3 e6 20. 0-0-0 Nf5 21. a3 Qa7 22. g4 Nd6 23. Be2 Ne4 24. Qb3 a4 25. Qb4 Bf8 26. Qc4 Rac8 27. f5 b5 28. Qa2 Qe7 29. h4 Bg7 30. h5 Bxe5 31. dxe5 Rxd1+ 32. Bxd1 g5 33. h6 Rd8 34. Bf3 exf5 35. gxf5 Qxe5 36. Bxe4 Qxe4 37. Re1 Qxf5 38. e4 Qf2 39. Rf1 Qd2+ 0-1